State flags of Germany and Austria and their states (Bundesländer) - Statistics

General Stats
  • This quiz has been taken 66 times
  • The average score is 16 of 27
Answer Stats
Picture Answer % Correct
Bavaria
96%
Austria
87%
Berlin
87%
Germany
85%
Lower Saxony
74%
Baden-Württemberg
68%
North Rhine-Westphalia
64%
Saxony
64%
Styria
64%
Rhineland-Palatinate
62%
Vienna
60%
Hesse
57%
Mecklenburg-Vorpommern
57%
Salzburg
57%
Saxony-Anhalt
57%
Saarland
55%
Tyrol
55%
Brandenburg
53%
Schleswig-Holstein
53%
Bremen
51%
Carinthia
51%
Hamburg
51%
Burgenland
49%
Upper Austria
49%
Lower Austria
47%
Thuringia
47%
Vorarlberg
47%
No matching quizzes found
Score Distribution
Percent of People with Each Score
Percentile by Number Answered
Your Score History
You have not taken this quiz